Welcome to CU Library Online Public Access Catalogue (OPAC)

DIPO (Record no. 5965)

MARC details
000 -LEADER
fixed length control field 00435nam a22001457a 4500
005 - DATE AND TIME OF LATEST TRANSACTION
control field 20250526151135.0
008 - FIXED-LENGTH DATA ELEMENTS--GENERAL INFORMATION
fixed length control field 250526b |||||||| |||| 00| 0 eng d
020 ## - INTERNATIONAL STANDARD BOOK NUMBER
International Standard Book Number 998862655
050 ## - LIBRARY OF CONGRESS CALL NUMBER
Classification number DT 5104
Item number K76S74
100 ## - MAIN ENTRY--PERSONAL NAME
Personal name STEEGSTRA, MARIJKE
245 ## - TITLE STATEMENT
Title DIPO
Remainder of title AND THE POLITICS OF CULTURE IN GHANA
Statement of responsibility, etc. MARIJIKE STEEGSTRA
260 ## - PUBLICATION, DISTRIBUTION, ETC.
Place of publication, distribution, etc. ACCRA-NEWTOWN
Name of publisher, distributor, etc. WOELI PUBLISHING SERVICES
Date of publication, distribution, etc. c2005
300 ## - PHYSICAL DESCRIPTION
Extent xviii,; 347p;.
Other physical details ills
942 ## - ADDED ENTRY ELEMENTS (KOHA)
Source of classification or shelving scheme Library of Congress Classification
Koha item type Books
Suppress in OPAC No
999 ## -
-- 5965
-- 5965

No items available.

© 2023-2024 Copyright: Central University Libraries. All Rights Reserved | Created by: Mahone Tech Office